000 01345nam a2200385 i 4500
001 40929
003 KOSZ 005
005 20220608125509.0
008 011204s2001 pl a f f |000 0 pol
015 _aPB 2001/20084
040 _aWA N
_cWA N
_dKOSZ 005/HR
041 0 _apol
046 _k2001
080 _a681.5
080 _a(075.8)
100 1 _aDindorf, Ryszard
_d(1951- )
_eAutor
245 1 0 _aLaboratorium z podstaw automatyzacji i robotyki /
_cRyszard Dindorf, Stanisław Dziechciarz, Paweł Łaski.
260 _aKielce :
_bWydaw. PŚ,
_c2001.
300 _a139, [1] s. :
_bil. ;
_c24 cm.
380 _aKsiążki
388 _a2001-
490 1 _aSkrypty / [Politechnika Świętokrzyska],
_x0239-6386 ;
_vnr 371.
504 _aBibliogr.
650 4 _aAutomatyka
650 4 _aUrządzenia sterujące
650 4 _aRobotyka przemysłowa
655 4 _aPodręczniki akademickie
658 _aInżynieria i technika
700 1 _aŁaski, Paweł
_eAutor
700 1 _aDziechciarz, Stanisław
_eAutor
710 2 _aWydawnictwo Politechniki Świętokrzyskiej
_b
_4pbl.
830 0 _aSkrypty - Politechnika Świętokrzyska
_v371
856 _uhttp://koha.tu.koszalin.pl/cgi-bin/koha/opac-detail.pl?biblionumber=40929
_yKatalog online BPK
942 _2UKD
_cKS
999 _c40929
_d40929